000 00373cam a2200157ua 4500
003 OSt
008 240321b |||||||| |||| 00| 0 eng d
041 _aeng
082 _a796.42
_bPAI/TR
100 _aPaish, Wilf
_96150
245 _aTrack and field athletics: Jumping /
250 _a1 /
260 _a :
_bAlies Booksellers ,
_c1977.
300 _a90 ; .
942 _cBK
999 _c3837
_d3837